000 01213nam2a2200229 4500
001 rc\2943862
005 20260315055940.0
035 _a(NLR Aleph) 007092314
090 _a13600509
_c13600509
100 _a20110826d1943 u y0rusy50 ca
101 0 _arus
102 _aRU
105 _ay z |||||
200 0 _aЧ. 1
210 _d1943
215 _a136 с.
461 0 _1001rc\2943861
_12000#$aОсновы колхозного счетоводства по простой системе$eУчеб. пособие для заоч. обуч. колх. счетоводству$eЧ. 1-$fА. Грибов, Г. Жуйков, Б. Лавров и др.$gПод ред. В.А. Чувакова$gНаркомзем СССР. Всесоюз. заоч. учет. курсы "ВЗУК"$vЧ. 1
_96586704
_cМосква
_d1943
_fА. Грибов, Г. Жуйков, Б. Лавров и др.
_nБ. и.
_oУчеб. пособие для заоч. обуч. колх. счетоводству : Ч. 1-
_tОсновы колхозного счетоводства по простой системе
_vЧ. 1
801 0 _aRU
_bNLR
_gpsbo
801 1 _aRU
_bELAR
_2rusmarc
852 _aNLR
_jЭк 90 Г-4/176
942 _cUNSPEC
980 _aNB